[Event "BIH-chT1 30th"]
[Site "Gorazde"]
[Date "2023.08.28"]
[Round "4.3"]
[White "Cunjalo, Faris"]
[Black "Trumic, Enes"]
[Result "1/2-1/2"]
[WhiteElo "2202"]
[BlackElo "2207"]
[PlyCount "42"]
[EventDate "2023.08.26"]
[EventType "team-tourn"]
[EventRounds "9"]
[EventCountry "BIH"]
[SourceTitle "EXT 2024"]
[Source "ChessBase"]
[SourceDate "2023.10.10"]
[SourceVersion "1"]
[SourceVersionDate "2023.10.10"]
[SourceQuality "1"]

1. d4 Nf6 2. c4 e6 3. Nf3 d5 4. g3 Be7 5. Bg2 0-0 6. 0-0 dxc4 7. Qc2 c5 8. dxc5 Nc6 9. Nbd2 c3 10. Qxc3 Nd5 11. Qc2 Ncb4 12. Qc4 b5 13. Qb3 a5 14. a3 a4 15. Qd1 Nc6 16. Ne4 Na5 17. Nd4 Bd7 18. Bd2 Rc8 19. c6 Nxc6 20. Nxc6 Bxc6 21. Rc1 Qb6 1/2-1/2

[Event "BIH-chT1 30th"]
[Site "Gorazde"]
[Date "2023.08.28"]
[Round "5.3"]
[White "Trumic, Enes"]
[Black "Okicic, Nermin"]
[Result "1-0"]
[WhiteElo "2207"]
[BlackElo "2158"]
[PlyCount "85"]
[EventDate "2023.08.26"]
[EventType "team-tourn"]
[EventRounds "9"]
[EventCountry "BIH"]
[SourceTitle "EXT 2024"]
[Source "ChessBase"]
[SourceDate "2023.10.10"]
[SourceVersion "1"]
[SourceVersionDate "2023.10.10"]
[SourceQuality "1"]

1. d4 e6 2. Nf3 d5 3. c4 Nf6 4. g3 Be7 5. Bg2 0-0 6. 0-0 c5 7. dxc5 Bxc5 8. Qc2 Be7 9. Rd1 Qc7 10. b3 Rd8 11. Bf4 Bd6 12. Bxd6 Rxd6 13. Nc3 a6 14. e4 dxe4 15. Nxe4 Rxd1+ 16. Rxd1 Nbd7 17. Nd6 h6 18. Qe2 Rb8 19. Bh3 Qc5 20. Nxf7 Kxf7 21. Bxe6+ Kf8 22. Qd3 Qe7 23. Qf5 Nb6 24. Re1 Qb4 25. a3 Qd6 26. c5 Bxe6 27. Rxe6 Qd1+ 28. Re1 Qd5 29. Ne5 Nbd7 30. Ng6+ Kf7 31. Re7+ Kg8 32. Qxd5+ Nxd5 33. Rxd7 Nf6 34. Re7 b6 35. c6 Rc8 36. Ne5 a5 37. Rb7 Nd5 38. f4 Kf8 39. Kf2 Rc7 40. Rxc7 Nxc7 41. Nd7+ Ke7 42. Nxb6 Kd6 43. Nc4+ 1-0

[Event "BIH-chT 29th"]
[Site "Bihac"]
[Date "2022.08.24"]
[Round "2.2"]
[White "Runic, Zoran"]
[Black "Trumic, Enes"]
[Result "1/2-1/2"]
[WhiteElo "2263"]
[BlackElo "2216"]
[PlyCount "100"]
[EventDate "2022.08.23"]
[EventType "tourn"]
[EventRounds "9"]
[EventCountry "BIH"]
[SourceTitle "CBM 210 Extra"]
[Source "ChessBase"]
[SourceDate "2022.11.30"]
[SourceVersion "1"]
[SourceVersionDate "2022.11.30"]
[SourceQuality "1"]

1. e4 e5 2. Nc3 Nf6 3. g3 Bc5 4. Bg2 0-0 5. Nge2 Nc6 6. d3 h6 7. 0-0 a6 8. h3 d5 9. exd5 Ne7 10. Ne4 Nxe4 11. dxe4 f5 12. exf5 Bxf5 13. Be3 Bxe3 14. fxe3 Qd6 15. e4 Bg6 16. Qd3 Kh7 17. Qe3 Ng8 18. c4 Qb4 19. b3 Rxf1+ 20. Rxf1 b5 21. Rc1 Nf6 22. Rc2 Rf8 23. Nc1 Re8 24. Nd3 Qa5 25. c5 c6 26. d6 Qd8 27. Qe1 a5 28. a4 Bf7 29. Qc3 b4 30. Qb2 Nd7 31. Rf2 Be6 32. h4 Rf8 33. Qc2 Rxf2 34. Nxf2 Qg8 35. Bh3 Bxb3 36. Qe2 Be6 37. Bxe6 Qxe6 38. Qa6 Nxc5 39. Qxa5 Qc4 40. Qc7 b3 41. d7 b2 42. d8Q b1Q+ 43. Kh2 Qe6 44. Qf8 Nd7 45. Qf3 Qf1 46. a5 Nf6 47. Qb6 Qeh3+ 48. Nxh3 Qxf3 49. Nf2 Nh5 50. Nh1 Nf6 1/2-1/2

[Event "Sarajevo Bosna op 49th"]
[Site "Sarajevo"]
[Date "2019.04.29"]
[Round "4"]
[White "Trumic, Enes"]
[Black "Djukic, Nikola"]
[Result "0-1"]
[WhiteElo "2241"]
[BlackElo "2566"]
[PlyCount "63"]
[EventDate "2019.04.27"]
[EventType "swiss"]
[EventRounds "9"]
[EventCountry "BIH"]
[SourceTitle "CBM 190 Extra"]
[Source "ChessBase"]
[SourceDate "2019.07.15"]
[SourceVersion "1"]
[SourceVersionDate "2019.07.15"]
[SourceQuality "1"]

1. d4 g6 2. Nf3 Bg7 3. g3 d6 4. Bg2 Nd7 5. 0-0 e5 6. e4 Ne7 7. dxe5 dxe5 8. Be3 0-0 9. Qc1 c6 10. Bh6 Qc7 11. Bxg7 Kxg7 12. Na3 b5 13. Qd2 a5 14. Rad1 Nb6 15. c4 b4 16. c5 Na4 17. Nc4 Ba6 18. Qc2 Bxc4 19. Qxa4 Bxf1 20. Bxf1 Rad8 21. Rd6 Rxd6 22. cxd6 Qxd6 23. Qxa5 c5 24. a4 bxa3 25. bxa3 Rb8 26. Qc3 Nc6 27. Kg2 Nd4 28. Nd2 Qc6 29. Bc4 Qa4 30. Bd5 Rb5 31. Qe3 Qd1 32. Qc3 0-1

[Event "BIH-ch 12th"]
[Site "Lukavac"]
[Date "2018.12.15"]
[Round "5"]
[White "Dizdarevic, Emir"]
[Black "Trumic, Enes"]
[Result "1/2-1/2"]
[WhiteElo "2438"]
[BlackElo "2213"]
[PlyCount "32"]
[EventDate "2018.12.13"]
[EventType "swiss"]
[EventRounds "7"]
[EventCountry "BIH"]
[SourceTitle "CBM 187 Extra"]
[Source "ChessBase"]
[SourceDate "2018.11.04"]
[SourceVersion "1"]
[SourceVersionDate "2018.11.04"]
[SourceQuality "1"]

1. Nf3 c5 2. b3 Nc6 3. Bb2 d6 4. e3 Nf6 5. Be2 e5 6. 0-0 Be7 7. c4 0-0 8. Nc3 Re8 9. a3 Bf8 10. Qc2 Bg4 11. Rad1 Bh5 12. Ng5 Bg6 13. Bd3 d5 14. Bxg6 hxg6 15. Ne2 d4 16. d3 Ng4 1/2-1/2

[Event "BIH-ch 12th"]
[Site "Lukavac"]
[Date "2018.12.14"]
[Round "2"]
[White "Trumic, Enes"]
[Black "Zenelaj, Fisnik"]
[Result "1-0"]
[WhiteElo "2213"]
[BlackElo "1937"]
[PlyCount "75"]
[EventDate "2018.12.13"]
[EventType "swiss"]
[EventRounds "7"]
[EventCountry "BIH"]
[SourceTitle "CBM 187 Extra"]
[Source "ChessBase"]
[SourceDate "2018.11.04"]
[SourceVersion "1"]
[SourceVersionDate "2018.11.04"]
[SourceQuality "1"]

1. d4 d5 2. c4 e6 3. Nc3 Nf6 4. Bg5 Be7 5. Nf3 Nbd7 6. e3 c6 7. Bd3 dxc4 8. Bxc4 b5 9. Bd3 a6 10. 0-0 c5 11. a4 b4 12. Ne4 Bb7 13. Bxf6 gxf6 14. Rc1 Rc8 15. Qe2 c4 16. Bb1 a5 17. Rxc4 Bc6 18. Rfc1 Qb6 19. Ned2 0-0 20. Be4 Bb7 21. Bxb7 Qxb7 22. Rxc8 Rxc8 23. Rxc8+ Qxc8 24. Qc4 Qb8 25. Nb3 Bd8 26. Qc6 Qc7 27. Nxa5 Qxa5 28. Qxd7 b3 29. h4 Kg7 30. g4 Qa8 31. d5 exd5 32. Nd4 Bb6 33. Nf5+ Kg6 34. Qd6 Qxa4 35. Qxb6 Qxg4+ 36. Ng3 Qc4 37. Qd4 f5 38. h5+ 1-0

[Event "BIH-chT1"]
[Site "Bosanska Krupa"]
[Date "2018.08.26"]
[Round "2"]
[White "Trkulja, Goran"]
[Black "Trumic, Enes"]
[Result "1-0"]
[WhiteElo "2295"]
[BlackElo "2244"]
[PlyCount "105"]
[EventDate "2018.08.25"]
[EventType "tourn"]
[EventRounds "9"]
[EventCountry "BIH"]
[SourceTitle "CBM 186 Extra"]
[Source "ChessBase"]
[SourceDate "2018.08.24"]
[SourceVersion "1"]
[SourceVersionDate "2018.08.24"]
[SourceQuality "1"]

1. d4 Nf6 2. Bf4 d5 3. e3 e6 4. Nf3 Bd6 5. Bxd6 cxd6 6. Nbd2 0-0 7. Be2 Nc6 8. c4 e5 9. cxd5 Nxd5 10. 0-0 exd4 11. Nb3 Nf6 12. Nfxd4 Ne5 13. Nb5 d5 14. Qd4 Nc6 15. Qf4 Be6 16. Rfd1 a6 17. Nc3 Qe7 18. Bf3 Rfd8 19. Rd2 a5 20. Rad1 Qb4 21. g3 Ne7 22. e4 Ng6 23. Qe3 Ne5 24. Be2 Re8 25. exd5 Bg4 26. Qf4 Qxf4 27. gxf4 Nf3+ 28. Bxf3 Bxf3 29. Rc1 a4 30. Nc5 a3 31. b4 b6 32. Nb3 Rad8 33. Rd3 Bg4 34. f3 Bd7 35. Kf2 Rc8 36. Re1 Rxe1 37. Kxe1 Nh5 38. Kd2 Nxf4 39. Rd4 Ng6 40. f4 Nh4 41. Rd3 Nf5 42. d6 Rc4 43. Nd5 Rc8 44. Nxb6 Rd8 45. Nc5 Bb5 46. Nb7 Bxd3 47. Nxd8 Bb5 48. d7 Nd4 49. Nb7 Bxd7 50. Nxd7 Nf3+ 51. Kc3 Nxh2 52. Nd6 Ng4 53. Kd4 1-0

[Event "BIH-chT1"]
[Site "Bosanska Krupa"]
[Date "2018.08.25"]
[Round "1"]
[White "Trumic, Enes"]
[Black "Dizdar, Selim"]
[Result "0-1"]
[WhiteElo "2244"]
[BlackElo "2298"]
[PlyCount "64"]
[EventDate "2018.08.25"]
[EventType "tourn"]
[EventRounds "9"]
[EventCountry "BIH"]
[SourceTitle "CBM 186 Extra"]
[Source "ChessBase"]
[SourceDate "2018.08.24"]
[SourceVersion "1"]
[SourceVersionDate "2018.08.24"]
[SourceQuality "1"]

1. d4 Nf6 2. c4 e6 3. Nc3 Bb4 4. e3 c5 5. Bd3 Nc6 6. Nf3 d5 7. 0-0 0-0 8. a3 Bxc3 9. bxc3 dxc4 10. Bxc4 Qc7 11. Qe2 e5 12. e4 cxd4 13. cxd4 Bg4 14. Bb2 exd4 15. Rfc1 Rfe8 16. Bd3 Qf4 17. Qd2 Nh5 18. Qxf4 Nxf4 19. Ne1 Be2 20. Bc4 Rxe4 21. f3 Re7 22. g3 Rae8 23. Bb3 Nh3+ 24. Kg2 Ng5 25. Bd5 Bb5 26. a4 Re2+ 27. Kh1 Rxb2 28. axb5 Ree2 29. Rc2 Rexc2 30. Nxc2 Rxc2 31. Bxc6 bxc6 32. bxc6 Nxf3 0-1

[Event "BIH-chT2"]
[Site "Bosna"]
[Date "2017.08.26"]
[Round "3.5"]
[White "Jovanovic, Nenad"]
[Black "Trumic, Enes"]
[Result "0-1"]
[WhiteElo "2087"]
[BlackElo "2238"]
[PlyCount "58"]
[EventDate "2017.08.25"]
[EventType "team-tourn"]
[EventRounds "9"]
[EventCountry "BIH"]
[SourceTitle "EXT 2019"]
[Source "ChessBase"]
[SourceDate "2018.10.10"]
[SourceVersion "1"]
[SourceVersionDate "2018.10.10"]
[SourceQuality "1"]

1. d4 Nf6 2. Nf3 b5 3. g3 Bb7 4. Bg2 e6 5. 0-0 Be7 6. Bg5 0-0 7. Nbd2 d6 8. c3 Nbd7 9. Qc2 h6 10. Bxf6 Bxf6 11. Ne4 Be7 12. Ne1 Rb8 13. Nd2 Bxg2 14. Nxg2 c5 15. dxc5 Nxc5 16. Nb3 d5 17. Nxc5 Bxc5 18. Nf4 Qf6 19. Nd3 Bb6 20. a4 bxa4 21. Qxa4 Rbc8 22. Kg2 e5 23. Qb3 Rc4 24. Nb4 Qe6 25. e3 Rfc8 26. Rad1 d4 27. exd4 exd4 28. Rfe1 Qf5 29. cxd4 Qb5 0-1

[Event "Lukavac op 5th"]
[Site "Lukavac"]
[Date "2016.11.27"]
[Round "6"]
[White "Obuca, Bajro"]
[Black "Trumic, Enes"]
[Result "1-0"]
[WhiteElo "2114"]
[BlackElo "2278"]
[PlyCount "65"]
[EventDate "2016.11.24"]
[EventType "swiss"]
[EventRounds "7"]
[EventCountry "BIH"]
[SourceTitle "EXT 2019"]
[Source "ChessBase"]
[SourceDate "2018.10.10"]
[SourceVersion "1"]
[SourceVersionDate "2018.10.10"]
[SourceQuality "1"]

1. e4 e5 2. Bc4 Nf6 3. d3 c6 4. Nf3 Be7 5. h3 0-0 6. 0-0 d6 7. Bb3 Na6 8. Be3 Qc7 9. Nc3 b5 10. a3 Nc5 11. Ba2 Rb8 12. Re1 a5 13. Ne2 d5 14. exd5 Nxd5 15. Bxd5 cxd5 16. Nxe5 Qxe5 17. Bf4 Qxb2 18. Bxb8 Ne6 19. Rb1 Qxa3 20. Rxb5 Bd7 21. Rb3 Qc5 22. d4 Qc4 23. Be5 a4 24. Rb7 Qc6 25. Qb1 Bd8 26. c3 Bc8 27. Rb8 Ba6 28. Qb4 Bc4 29. Nf4 Re8 30. Qd6 Qxd6 31. Bxd6 a3 32. Bxa3 g5 33. Nh5 1-0

[Event "BIH-ch"]
[Site "Lukavac"]
[Date "2016.03.31"]
[Round "1"]
[White "Cabric, Izet"]
[Black "Trumic, Enes"]
[Result "0-1"]
[WhiteElo "1934"]
[BlackElo "2232"]
[PlyCount "92"]
[EventDate "2016.03.31"]
[EventType "swiss"]
[EventRounds "7"]
[EventCountry "BIH"]
[SourceTitle "CBM 171 Extra"]
[Source "ChessBase"]
[SourceDate "2016.04.26"]
[SourceVersion "1"]
[SourceVersionDate "2016.04.26"]
[SourceQuality "1"]

1. c4 e5 2. Nc3 Nf6 3. g3 Be7 4. Bg2 0-0 5. e3 c6 6. Nge2 d5 7. cxd5 cxd5 8. d4 e4 9. 0-0 Nc6 10. a3 Bf5 11. b4 Qd7 12. Qb3 Rac8 13. Nf4 Rfd8 14. f3 exf3 15. Bxf3 Be4 16. Nxe4 dxe4 17. Bg2 Qd6 18. Bb2 Rc7 19. Rac1 Bf8 20. Ne2 Re7 21. Nc3 Ng4 22. Nxe4 Qh6 23. h4 Qxe3+ 24. Qxe3 Nxe3 25. Rf4 Nxg2 26. Kxg2 Red7 27. Ng5 f6 28. Ne6 Re8 29. Nxf8 Kxf8 30. Kf3 Rde7 31. b5 Re3+ 32. Kg4 Ne7 33. Rc5 b6 34. Rh5 Kg8 35. Bc1 Rd3 36. Bb2 g6 37. Rh6 f5+ 38. Kh3 Nd5 39. Rf2 Ree3 40. h5 Kg7 41. hxg6 Rxg3+ 42. Kh2 Kxh6 43. Rxf5 Rh3+ 44. Kg1 Rdg3+ 45. Kf2 Ne3 46. Bc1 Rg2+ 0-1

[Event "Bihac-chT1"]
[Site "Bihac"]
[Date "2014.08.26"]
[Round "5"]
[White "Trumic, Enes"]
[Black "Rosic, Slavko S"]
[Result "1-0"]
[WhiteElo "2235"]
[BlackElo "2267"]
[PlyCount "77"]
[EventDate "2014.08.23"]
[EventType "swiss"]
[EventRounds "9"]
[EventCountry "BIH"]
[SourceTitle "EXT 2015"]
[Source "ChessBase"]
[SourceDate "2014.11.20"]
[SourceVersion "1"]
[SourceVersionDate "2014.11.20"]
[SourceQuality "1"]

1. d4 Nf6 2. c4 e6 3. Nf3 d5 4. e3 c6 5. Qc2 Nbd7 6. b3 Ne4 7. Bd3 f5 8. 0-0 Bd6 9. Bb2 0-0 10. Ne5 Nef6 11. Nd2 Ne4 12. Ndf3 Ndf6 13. a4 Bc7 14. Ba3 Re8 15. Rac1 Bd7 16. Nd2 Qb8 17. Bxe4 fxe4 18. f3 Bxe5 19. dxe5 Qxe5 20. fxe4 Ng4 21. Nf3 Qxe4 22. Qxe4 dxe4 23. Ng5 Nxe3 24. Rfe1 Ng4 25. Rcd1 Bc8 26. Nxe4 Nh6 27. Rd3 Nf7 28. Rf1 Ne5 29. Rg3 Kh8 30. h4 Rg8 31. h5 h6 32. Bb2 Nd7 33. Rf7 e5 34. Nd6 Nf6 35. Bxe5 Nxh5 36. Re3 b6 37. Nxc8 Raxc8 38. Rh3 Nf6 39. Bxf6 1-0

[Event "Bihac-chT1"]
[Site "Bihac"]
[Date "2014.08.24"]
[Round "3"]
[White "Nurkic, Sahbaz"]
[Black "Trumic, Enes"]
[Result "1-0"]
[WhiteElo "2384"]
[BlackElo "2235"]
[PlyCount "70"]
[EventDate "2014.08.23"]
[EventType "swiss"]
[EventRounds "9"]
[EventCountry "BIH"]
[SourceTitle "EXT 2015"]
[Source "ChessBase"]
[SourceDate "2014.11.20"]
[SourceVersion "1"]
[SourceVersionDate "2014.11.20"]
[SourceQuality "1"]

1. e4 e5 2. Nf3 Nc6 3. Bb5 Nf6 4. 0-0 Nxe4 5. d4 Nd6 6. dxe5 Nxb5 7. a4 Nbd4 8. Nxd4 Nxd4 9. Qxd4 d5 10. exd6 Qxd6 11. Qe3+ Qe6 12. Qg3 Be7 13. Nc3 0-0 14. Bf4 Qf5 15. Be5 Bf6 16. Bxf6 Qxf6 17. Qxc7 Be6 18. Rfe1 Rae8 19. Qxb7 Rb8 20. Qxa7 Rxb2 21. Qe3 Rxc2 22. Rec1 Rxc1+ 23. Rxc1 Ra8 24. Ne4 Qg6 25. Nc5 Bd5 26. Qg3 Qc6 27. h3 h6 28. Rc3 Re8 29. Kh2 Qf6 30. a5 Re2 31. Nd7 Qd8 32. Nb6 Be6 33. Rd3 Qf6 34. a6 Bf5 35. a7 Be4 1-0